| 000 | 00362nam a22001337a 4500 | ||
|---|---|---|---|
| 082 |
_a823 _bDAM/T |
||
| 100 | _aDAMI, ELISABETTA | ||
| 245 | _aTHEA STILTON AND THE ICE TREASURE | ||
| 246 |
_aTHEA STILTON AND THE ICE TREASURE _bTHEA STILTON AND THE ICE TREASURE |
||
| 260 |
_aNEW YORK _bSCHOLASTIC _c2024 |
||
| 300 | _a157 | ||
| 650 | _aENGLISH FICTION | ||
| 942 | _cBK | ||
| 999 |
_c9141 _d9141 |
||